ARRUPE JESUIT UNIVERSITY

CORONAVIRUS -STOP THE SPREAD - CLEAN,DISINFECT,COVER

Verite et methode (Record no. 119729)

MARC details
000 -LEADER
fixed length control field 00502nam a22001457a 4500
008 - FIXED-LENGTH DATA ELEMENTS--GENERAL INFORMATION
fixed length control field 140128b xxu||||| |||| 00| 0 eng d
020 ## - INTERNATIONAL STANDARD BOOK NUMBER
International Standard Book Number 2-02-004363-7
050 ## - LIBRARY OF CONGRESS CALL NUMBER
Classification number BD241.G313 1988
100 ## - MAIN ENTRY--PERSONAL NAME
Personal name Gadamer, Hans-Georg
9 (RLIN) 7155
245 ## - TITLE STATEMENT
Title Verite et methode
Remainder of title les grandes lignes d'une hermeneutique philosophique
Statement of responsibility, etc Hans-Georg Gadamer
260 ## - PUBLICATION, DISTRIBUTION, ETC. (IMPRINT)
Place of publication, distribution, etc Paris
Name of publisher, distributor, etc Editions Du Seuil
Date of publication, distribution, etc 1976
300 ## - PHYSICAL DESCRIPTION
Extent 346p. ;
Dimensions 21cm.
650 ## - SUBJECT ADDED ENTRY--TOPICAL TERM
Topical term or geographic name as entry element Humanities-Methodology
General subdivision Hermeneutics
-- Aesthetics
9 (RLIN) 7156
942 ## - ADDED ENTRY ELEMENTS (KOHA)
Source of classification or shelving scheme Library of Congress Classification
Item type Monograph ( Printed materials)
Holdings
Withdrawn status Lost status Source of classification or shelving scheme Damaged status Not for loan Collection code Home library Current library Shelving location Date acquired Total Checkouts Full call number Barcode Date last seen Price effective from Koha item type
    Library of Congress Classification     Main Collection ARRUPE LIBRARY ARRUPE LIBRARY Main Collection 28/01/2014   BD241.G313 1988 46500007596 02/09/2016 28/01/2014 Monograph ( Printed materials)

 

Arrupe Library. PO Box MP320 Mt Pleasant, Harare, Zimbabwe
263 242 745411|librarian@aju.ac.zw